LEADER 02133nam0 22004813i 450 001 CFI0146053 005 20251003044126.0 010 $a8879104160 020 $aIT$b91-7497 100 $a20211118d1989 ||||0itac50 ba 101 | $aita 102 $ait 181 1$6z01$ai $bxxxe 182 1$6z01$an 183 1$6z01$anc$2RDAcarrier 200 1 $aˆLa ‰CEE e l'ambiente$f Anne Raulier$g a cura dell'Osservatorio sociale europeo$g prefazione di Emilio Gabaglio 210 $aRoma$cLavoro$d[1989! 215 $a99 p.$ctab.$d23 cm. 225 | $aQuaderni europei$v1 410 0$1001CFI0164136$12001 $aQuaderni europei$v1 606 $aAmbiente naturale$xTutela$xRegolamenti comunitari$2FIR$3CFIC055651$9E 676 $a341.762$9DIRITTO INTERNAZIONALE. CONSERVAZIONE E SVILUPPO DELLE RISORSE NATURALI$v19 676 $a341.762$9DIRITTO IN MATERIA SOCIALE E RELAZIONI CULTURALI. TUTELA E VALORIZZAZIONE DELLE RISORSE NATURALI$v20 676 $a344.4046$9DIRITTO IN MATERIA DI TUTELA AMBIENTALE. EUROPA$v22 686 $a4171.2$cEUROPA UNITA CEE 1968-1989$2R 686 $a430.3$cAMBIENTE TERRITORIO RISORSE 1968-1989$2R 686 $a5171.2$cEUROPA UNITA CEE 1989-2001$2R 686 $a530.3$cAMBIENTE TERRITORIO RISORSE 1989-2001$2R 696 $aTutela giuridica$aRegolamenti della Comunità europea$aRegolamenti della CEE 699 $aTutela$zTutela giuridica 699 $aRegolamenti comunitari$yRegolamenti della Comunità europea 699 $aRegolamenti comunitari$zRegolamenti della CEE 700 1$aRaulier$b, Anne$3CFIV094661$4070$0760511 712 02$aOsservatorio sociale europeo$3CFIV031377 791 02$aObservatoire social europeen$3LO1V292894$zOsservatorio sociale europeo 801 3$aIT$bIT-000000$c20211118 850 $aIT-BN0095 901 $bNAP 01$cD $n$ 912 $aCFI0146053 950 0$aBiblioteca Centralizzata di Ateneo$c1 v.$d 01D (AR) 22 697$e 01AR 0700226975 VMA A4 1 v.$fY $h19980320$i20181121 977 $a 01 996 $aCEE e l'ambiente$91538943 997 $aUNISANNIO